| 000 | 00396nam a2200157Ia 4500 | ||
|---|---|---|---|
| 003 | LK-CoDNM | ||
| 008 | 010623t1900 xxu||||| |||| 00| 1 eng d | ||
| 040 |
_aLK-CoDNM _dLK-CoDNM _eLK-CoDNM |
||
| 041 | _aeng | ||
| 080 | _a8 N 4 | ||
| 100 | _aMuller,F.Max. | ||
| 245 | _aThe Sacred books of the East : The Upanishads | ||
| 260 |
_bOxford _aLondon _c1900 |
||
| 300 | _bci,350p., 21 cm | ||
| 942 | _cBK | ||
| 999 |
_c84997 _d84997 |
||